Dlhové financovanie
Na minha lista:
| Autor principal: | |
|---|---|
| Autor Corporativo: | |
| Outros Autores: | , , , |
| Formato: | Livro |
| Idioma: | eslovaco |
| Publicado em: |
Bratislava
Vydavateľstvo EKONÓM
2012
|
| Edição: | 1. vyd. |
| Assuntos: | |
| Tags: |
Sem tags, seja o primeiro a adicionar uma tag!
|
MARC
| LEADER | 00000nam a2200000 4500 | ||
|---|---|---|---|
| 001 | 0160817 | ||
| 005 | 20240502072806.4 | ||
| 020 | |a 978-80-225-3365-2 | ||
| 041 | 0 | |a slo | |
| 044 | |a SK | ||
| 245 | 1 | 0 | |a Dlhové financovanie |c Eduard Hyránek a kol. |
| 250 | |a 1. vyd. | ||
| 264 | 1 | |a Bratislava |b Vydavateľstvo EKONÓM |c 2012 | |
| 300 | |a 185 s. [10,276 AH] | ||
| 610 | 2 | 0 | |a dlhy |
| 610 | 2 | 0 | |a financovanie |
| 610 | 2 | 0 | |a úrok |
| 610 | 2 | 0 | |a náklady |
| 610 | 2 | 0 | |a podnik |
| 610 | 2 | 0 | |a zadlženosť |
| 610 | 2 | 0 | |a úver |
| 100 | 1 | |a Hyránek, Eduard, 1955- | |
| 700 | 1 | |a Jánošová, Veronika, 1953- | |
| 700 | 1 | |a Vavrová, Katarína, 1960- | |
| 700 | 1 | |a Miková, Oľga | |
| 700 | 1 | |a Hesek, Jozef | |
| 710 | 2 | |a Ekonomická univerzita v Bratislave. Fakulta podnikového manažmentu | |